Modern Alman oriyantalizmi: Alman yayıncılığının Türkiye tablosu (Record no. 16555)

000 -LEADER
fixed length control field 01069nmm a2200313 a 4500
001 - CONTROL NUMBER
control field ocm0001732525
003 - CONTROL NUMBER IDENTIFIER
control field TR-IsHL
005 - DATE AND TIME OF LATEST TRANSACTION
control field 20201028170948.0
008 - FIXED-LENGTH DATA ELEMENTS--GENERAL INFORMATION
fixed length control field 180222s2001 tu tur
007 - PHYSICAL DESCRIPTION FIXED FIELD--GENERAL INFORMATION
fixed length control field cr cn
020 ## - INTERNATIONAL STANDARD BOOK NUMBER
International Standard Book Number 9789756769294
035 ## - SYSTEM CONTROL NUMBER
System control number 1732525
-- (N$T)
050 04 - LIBRARY OF CONGRESS CALL NUMBER
Classification number DR438.94
Item number .B33 2001
090 04 - LOCALLY ASSIGNED LC-TYPE CALL NUMBER (OCLC); LOCAL CALL NUMBER (RLIN)
Classification number (OCLC) (R) ; Classification number, CALL (RLIN) (NR) DR438.94
Local cutter number (OCLC) ; Book number/undivided call number, CALL (RLIN) .B33 2001
100 1# - MAIN ENTRY--PERSONAL NAME
Personal name Bacınoğlu, Tamer
245 10 - TITLE STATEMENT
Title Modern Alman oriyantalizmi: Alman yayıncılığının Türkiye tablosu
Medium [electronic resource] /
Statement of responsibility, etc. Tamer Bacınoğlu ; Andrea Bacınoğlu
260 ## - PUBLICATION, DISTRIBUTION, ETC.
Place of publication, distribution, etc. Ankara :
Name of publisher, distributor, etc. Avrasya-Bir Vakfı ASAM Yayınları,
Date of publication, distribution, etc. 2001
300 ## - PHYSICAL DESCRIPTION
Extent 258 p.
500 ## - GENERAL NOTE
General note Kaynakça var.
International Standard Serial Number (SE) [OBSOLETE]
650 #4 - SUBJECT ADDED ENTRY--TOPICAL TERM
Topical term or geographic name entry element Tarih
650 #4 - SUBJECT ADDED ENTRY--TOPICAL TERM
Topical term or geographic name entry element History
650 #0 - SUBJECT ADDED ENTRY--TOPICAL TERM
Topical term or geographic name entry element Kamuoyu
General subdivision Almanya
650 #0 - SUBJECT ADDED ENTRY--TOPICAL TERM
Topical term or geographic name entry element Public opinion
General subdivision Germany
650 #0 - SUBJECT ADDED ENTRY--TOPICAL TERM
Topical term or geographic name entry element Oryantalizm
General subdivision Almanya
650 #0 - SUBJECT ADDED ENTRY--TOPICAL TERM
Topical term or geographic name entry element Orientalism
General subdivision Germany
650 #7 - SUBJECT ADDED ENTRY--TOPICAL TERM
Topical term or geographic name entry element HISTORY / Middle East / Turkey & Ottoman Empire
Source of heading or term bisacsh
700 1# - ADDED ENTRY--PERSONAL NAME
Personal name Bacınoğlu, Andrea
856 40 - ELECTRONIC LOCATION AND ACCESS
Uniform Resource Identifier <a href="http://search.ebscohost.com/login.aspx?direct=true&scope=site&db=e011xww&AN=1732525">http://search.ebscohost.com/login.aspx?direct=true&scope=site&db=e011xww&AN=1732525</a>

No items available.

Devinim Yazılım Eğitim Danışmanlık tarafından Koha'nın orjinal sürümü uyarlanarak geliştirilip kurulmuştur.